000 00286nam a22001337a 4500
008 170614b xxu||||| |||| 00| 0 eng d
020 _a087023689-X
041 _aeng
080 _a32
100 _a19
101 _aSHP
245 _aTHE AMERICAN IRISH
_cSHANNON,W.V
942 _2udc
_cBK
999 _c17254
_d17254